00351nam a2200133Ia 4500008004100000041000800041082002000049100003700069245003600106260003200142300000800174502001800182999001700200230128s9999 xx 000 0 und d aeng aRAW PR0426bRAW aRawal Dipali M - 2K911459118939 aCost Control and Cost Reduction c2011bPune UniversityaPune a74p cGhate Madhuri c97237d97237